000 00743nam a2200277Ia 4500
005 20250425162145.0
008 250425s9999 xx 000 0 und d
020 _a8420008532
041 _aspa
082 _a664.02
100 _aDORAN, PAULINE M.
245 0 _aPRINCIPIOS DE INGENIERIA DE LOS BIOPROCESOS
250 _a1A ED.
260 _aEspaña
_bACRIBIA
_c1998
260 _aZARAGOZA
300 _a468
500 _aConsultar D-24992 en BIBTEC
500 _aTítulo Traducido: BIOPROCESS ENGINEERING PRIPNCIPLES
650 _aBALANCE DE ENERGIA
650 _aBALANCE DE MATERIA
650 _aFLUJO DE FLUIDOS
650 _aINGENIERIA DE ALIMENTOS
650 _aPROCESOS TERMICOS
942 _c01
010 _a53564
999 _c223471
_d223471